History Quiz

Random History or State Quiz

US State Quarters Quiz Stats

 Plays Quiz not verified by Sporcle

Challenge
Share
Tweet
Embed
Score 0/56 Timer 20:00
0 Plays Today
Quarter Primary Object(s) on Reverse % Correct
South Carolina State QuarterCarolina Wren and Palmetto Tree
69.5%
Alaska State QuarterGrizzly Bear
68.7%
Georgia State QuarterPeach
65.6%
Kentucky State QuarterMy Old Kentucky Home with horse and picket fence
64.1%
Wyoming State QuarterBucking horse and rider
64.1%
Colorado State QuarterRocky Mountain
62.6%
Nevada State QuarterHorses
61.8%
Wisconsin State QuarterA cow, a round of cheese and an ear of corn
59.5%
Pennsylvania State QuarterStatue of 'Commonwealth'
56.5%
New York State QuarterStatue of Liberty
54.2%
Illinois State QuarterAbraham Lincoln
50.4%
Indiana State QuarterRace car
49.6%
Vermont State QuarterCamel's Hump Mountain
49.6%
Alabama State QuarterHelen Keller
48.9%
Texas State QuarterStar
48.9%
South Dakota State QuarterMount Rushmore
45.8%
Arizone State QuarterGrand Canyon
44.3%
Virgin Islands QuarterTyre palm trees, yellow elder flowers, and the banana quit bird
44.3%
Misourri State QuarterGateway Arch and Lewis & Clark
43.5%
Ohio State QuarterAstronaut and airplane
43.5%
Arkansas State QuarterDiamond
40.5%
Rhode Island State QuarterSailboat on Narragansett Bay
40.5%
Tennesse State QuarterMusical instruments
40.5%
Idaho State QuarterPeregrine Falcon
39.7%
North Carolina State QuarterFirst flight
39.7%
Minnesota State QuarterLake
38.2%
New Mexico State QuarterZia sun symbol
38.2%
New Hampshire State QuarterOld Man of the Mountain
37.4%
Quarter Primary Object(s) on Reverse % Correct
Oklahoma State QuarterScissortail Flycatcher
37.4%
Michigan State QuarterMichigan Outline and Great Lakes
36.6%
Kansas State QuarterBuffalo
35.9%
Mississippi State QuarterMagnolias
35.9%
Iowa State QuarterSchoolhouse (from a Grant Wood painting)
35.1%
Washington State QuarterSalmon and Mount Rainier
33.6%
Maine State QuarterLighthouse
32.8%
California State QuarterYosemite State Valley and John Muir
32.1%
Connecticut State QuarterCharter oak
32.1%
North Dakota State QuarterBison
30.5%
Montana State QuarterBison skull
29%
Oregon State QuarterCrater Lake
29%
Delaware State QuarterCaesar Rodney
25.2%
Hawaii State QuarterKing Kamehameha I
25.2%
Massachusetts State QuarterMinuteman
25.2%
Florida State QuarterGalleon, space shuttle, and Sabal palm trees
24.4%
Utah State QuarterCentral and Pacific Railroad with the Golden Spike
24.4%
Virginia State QuarterSusan Constant, Godspeed, and Discovery
23.7%
Louisiana State QuarterLouisiana Purchase
20.6%
Guam QuarterOutline of the island
19.1%
Nebraska State QuarterChimney rock
17.6%
District of Columbia QuarterDuke Ellington
16%
New Jersey State QuarterCrossroads of the Revolution
13.7%
West Virginia State QuarterNew River Gorge
13%
Maryland State QuarterMaryland Statehouse
12.2%
Northern Mariana QuarterLimestone latte, Chamorro structures, canoe, and two white fairy tern birds
4.6%
Puerto Rico QuarterIsla del Encanto
3.1%
American Somoa QuarterAva bowl
2.3%

You're not logged in!

Compare scores with friends on all Sporcle quizzes.
Join for Free
OR
Log In

You Might Also Like...

Show Comments

Extras

Top Quizzes Today


Score Distribution

Your Account Isn't Verified!

In order to create a playlist on Sporcle, you need to verify the email address you used during registration. Go to your Sporcle Settings to finish the process.

Report this User

Report this user for behavior that violates our Community Guidelines.

Details: